Sports Quiz

Random Sports Quiz

Cambridge United Squad 2014/15 Quiz Stats

 Plays Quiz not verified by Sporcle

Score 0/35 Timer 10:00
0 Plays Today
Hint Answer % Correct
DFJosh Coulson
88.6%
GKChris Dunn
79.5%
DFRichard Tait
79.5%
DFGreg Taylor
77.3%
STTom Elliott
75%
MFHarrison Dunk
72.7%
GKWill Norris
72.7%
MFRyan Donaldson
68.2%
DFIan Miller
59.1%
MFLiam Hughes
59.1%
STRobbie Simpson
56.8%
STKwesi Appiah
56.8%
DFMichael Nelson
54.5%
MFLuke Chadwick
54.5%
STAdam Cunnington
45.5%
STRyan Bird
45.5%
STDelano Sam-Yorke
40.9%
DFTom Bonner
34.1%
Hint Answer % Correct
MFSullay Kaikai
29.5%
MFBobby-Joe Taylor
25%
MFLiam Hurst
22.7%
DFMatteo Lanzoni
15.9%
MFJordan Chiedozie
15.9%
DFJohnny Hunt
11.4%
MFMitch Austin
11.4%
STRory Gaffney
9.1%
DFHarry Lennon
9.1%
MFSam Whittall
9.1%
MFMatty Blair
6.8%
MFIssa Diallo
6.8%
MFTom Naylor
6.8%
STJayden Stockley
6.8%
DFWesley Atkinson
2.3%
MFCameron McGheenan
0%
STGearoid Morrisey
0%

You're not logged in!

Compare scores with friends on all Sporcle quizzes.
OR
Log In

Sporcle TV

Today on Sporcle TV


Watch our educational content, quiz creation guides, and fun videos on Sporcle TV.

Show Comments

Extras

Created Jan 21, 2015ReportNominate
Tags:2014, cambridge, Squad, united

Top Quizzes Today


Score Distribution

Your Account Isn't Verified!

In order to create a playlist on Sporcle, you need to verify the email address you used during registration. Go to your Sporcle Settings to finish the process.

Report this User

Report this user for behavior that violates our Community Guidelines.

Details: